000 01974nam2a2200337 4500
001 RU\NLR\bibl\982273
005 20250614214752.0
010 _a5-292-03479-7
_9500
021 _aRU
_b2006-40401
_92026
035 _a(NLR Aleph) 000970161
090 _a394136
_c394136
100 _a20060908d2005 |||y0rusy50 ca
101 0 _arus
102 _aRU
105 _aab |||||||||
200 1 _aАмфибии и рептилии
210 _d2005
_aБ. м.
215 _a112, [2] с.
_cил., карт.
320 _aБиблиогр.: с. 97-108
320 _aУказ. рус. назв. таксонов: с. 109
320 _aУказ. лат. назв. таксонов: с. 110
461 0 _1001RU\NLR\bibl\966237
_12001#$aЖивотный мир Саратовской области$vКн. 4
_9298970
_cСаратов
_d2005
_fФедер. агентство по образованию Рос. Федерации, Сарат. гос. ун-т им. Н.Г. Чернышевского
_nИзд-во Саратовского университета
_oучебное пособие для студентов высших учебных заведений, обучающихся по биологическим специальностям (заключение N° 81К от 03 июня 2003 г.)
_tЖивотный мир Саратовской области
_vКн. 4
606 1 _aЗемноводные
_jУчебные издания для высших учебных заведений
_yСаратовская область
_92438754
_3RU\NLR\auth\661450992
606 1 _aПресмыкающиеся
_jУчебные издания для высших учебных заведений
_yСаратовская область
_92438756
_3RU\NLR\auth\661450993
686 _aЕ693.33(2Р354-4Са)я73
686 _aЕ693.34(2Р354-4Са)я73
801 0 _aRU
_bNLR
_c20060908
_grcr
801 1 _aRU
_bNLR
_c20060908
942 _cBOOK
980 _aNB